000 01139nam a22003377a 4500
003 CHAP
005 20220329133844.0
008 971013s1970 r 00010 d
010 _a11845
011 _a12817
035 _a16516
040 _cCHAP
090 _aTesis
100 0 0 _aRodríguez Chapa, Eduardo.
_998396
245 1 _aEnsayo con Tecto-60 para el control de hongos en granos almacenados
260 _aChapingo, Méx. :
_bEl autor,
_c1970
300 _a50 h. ilus.
502 _aTesis (Ing. Agr. Esp. en Parasitología Agrícola) -- ENA. Departamento de Parasitología Agrícola
590 _aALEPH
_b10
_c20130110
_lUCH01
_h1230
590 _aBATCH-UPD
_b10
_c20130110
_lUCH01
_h1204
590 _aBATCH-UPD
_b10
_c20130410
_lUCH01
_h0746
590 _aBATCH-UPD
_b10
_c20130914
_lUCH01
_h0912
590 _aCONVERSION
_b10
_c20130109
_lUCH01
_h1308
650 1 4 _aCereales
_xAlmacenamiento.
_921373
650 1 4 _aFungicidas.
_944044
901 _aBK
942 _cFOLL
949 _bBC
_cTES
_d-154184
_eTS1
_i16516
_si
949 _bBC
_cTES
_d-154185
_eTS2
_fc.2
_i16516
_si
949 _bBC
_cTES
_d-154186
_eTS2
_fc.3
_h22971
_i16516
_si
999 _c11845
_d11845